000 00819nam a2200205 a 4500
003 0
005 20250319094915.0
008 080923s19uu xx 00 eng d
050 _aPHS TX 361.A8
_b.L11 2008
100 _aLaxa, Andrew C.
245 _aEffects of eating habits to the performance of Southville International School and Colleges junior varsity boys basketball team /
_cAndrew C. Laxa.
260 _aLas PiƱas City, Philippines :
_bSouthville International School and Colleges,
_c2008.
300 _a34 pages :
_billustrations ;
_c28 cm.
504 _aIncludes bibliographical references.
650 _aEating habits
_xPhysiological aspects.
650 _aAthletes
_xNutrition.
650 _aBasketball players
_xTraining and performance.
650 _aSports
_xPhysiological aspects.
942 _2lcc
_cPASS
999 _c98084
_d98084